Ontario Small Claims Court Practice / (Record no. 163)

MARC details
000 -LEADER
fixed length control field 00415nam a22001457a 4500
005 - DATE AND TIME OF INPUT
control field 20231031072113.0
008 - DATA ELEMENTS--GENERAL INFORMATION
fixed length control field 231031b |||||||| |||| 00| 0 eng d
041 ## - LANGUAGE CODE
Language code of text English
100 ## - MAIN AUTHOR
Main author's name Zuker, MA
Language of a work English
245 ## - TITLE STATEMENT
Title Ontario Small Claims Court Practice /
Statement of responsibility, etc. MA Zuker
260 ## - PUBLICATION, DISTRIBUTION, ETC.
Date of publication, distribution, etc. 1996
300 ## - PHYSICAL DESCRIPTION
Other physical details xlv,478 pages ;
Dimensions 24,5 cm.
650 ## - SUBJECT`
Broad subject legal practice
Own subject terms Law
942 ## - ADDED ENTRY ELEMENTS (KOHA)
Item type Books
942 ## - ADDED ENTRY ELEMENTS (KOHA)
-- ALISON_BN_VRIES
Holdings
Source of classification or shelving scheme Not for loan Collection code Home library Current library Shelving location Date acquired Full call number Barcode Price effective from Koha item type
Dewey Decimal Classification   TEXT BOOKS LAW SOCIETY OF NAMIBIA LIBRARY - WINDHOEK LAW SOCIETY OF NAMIBIA LIBRARY - WINDHOEK Evidence law 10/31/2023 347.1 ZUK LSN/1998/68 10/31/2023 Books